Movies Quiz

Random Movies or Famous Quiz

Film Families: Less Famous Quiz Stats

 Plays Quiz not verified by Sporcle

Score 0/20 Timer 06:00
0 Plays Today
Family member Most Famous Family Member % Correct
Billy Ray (father)Miley Cyrus
90.1%
Jaden (son)Will Smith
86.8%
Colin (son)Tom Hanks
83.5%
Beau (brother)Jeff Bridges
81%
Joan (sister)John Cusack
76.9%
Joseph (brother)Ralph Fiennes
76.9%
Stephen (brother)Alec Baldwin
72.7%
River (brother)Joaquin Phoenix
72.7%
Randy (brother)Dennis Quaid
70.2%
Bryce Dallas (daughter)Ron Howard
67.8%
Family member Most Famous Family Member % Correct
Liza (daughter)Judy Garland
64.5%
Emily (sister)Zooey Deschanel
58.7%
Sofia (cousin)Nicolas Cage
53.7%
Carrie (daughter)Debbie Reynolds
48.8%
Eric (brother)Julia Roberts
47.9%
Scott (son)James Caan
47.1%
John (father)Sean Astin
27.3%
Roy. E. (nephew)Walt Disney
26.4%
Jared (son)Richard Harris
10.7%
Anne (sister)Steven Spielberg
5%

You're not logged in!

Compare scores with friends on all Sporcle quizzes.
OR
Log In

Show Comments

Extras

Top Quizzes Today


Score Distribution

Your Account Isn't Verified!

In order to create a playlist on Sporcle, you need to verify the email address you used during registration. Go to your Sporcle Settings to finish the process.

Report this User

Report this user for behavior that violates our Community Guidelines.

Details: